00950nam a2200253 a 4500001001000000003000500010005001700015008004100032010001100073011001100084040000900095100003100104245017200135260004100307500006000348502007100408650002600479650002900505650002000534650002800554650002800582856001600610856007000626000113480CHAP20220329144356.0170724s2016 mx sm |||||||spa d a109941 a110913 cCHAP1 aAlmaráz Mendoza, Erubiel10aConservación y uso sustentable de suelo y agua Santiago Tepetitlán San Martín de las Pirámides Estado de Méxicoh[En línea]cpor Erubiel Almáraz Mendoza. aChapingo, Méx. :bEl autor,c2016. aPara ver el contenido del material haga clic en la liga aTesis (Ing. en Irrigación) -- UACH. Departamento de Irrigación14aAguaxAlmacenamiento.14aIrrigaciónxProyectos.14aOlivoxCultivo.14aPresasxMéxico (Edo.)14aSuelosxConservación. a1 n0000217 aFinding aiduhttp://10.13.5.2/tesis/sist113480.pdfzTeclea aquí